| 000 | 00592nam a2200229Ia 4500 | ||
|---|---|---|---|
| 008 | 180523s9999 xx 000 0 und d | ||
| 020 | _a0-07-144127-1 | ||
| 050 | _aMAIN HF 5718.3 | ||
| 050 | _b.D38 2005 | ||
| 100 | _aDavis, Kenneth W. | ||
| 245 | 0 | _aBusiness writing and communication / | |
| 245 | 0 | _cKenneth W. Davis. | |
| 260 | _aCanada : | ||
| 260 | _bMcGraw-Hill, | ||
| 260 | _c2005 | ||
| 300 | _a204 pages : | ||
| 300 | _billustrations ; | ||
| 300 | _c23 cm. | ||
| 650 | _aBusiness Communication. | ||
| 650 | _aBusiness writing. | ||
| 650 | _xBusiness report writing. | ||
| 999 |
_c357229 _d357229 |
||